| 000 | 00428nam a2200157 i 4500 | ||
|---|---|---|---|
| 001 | 94462 | ||
| 003 | ES-MaACL | ||
| 005 | 20230906181500.0 | ||
| 007 | t| | ||
| 008 | 050504s1968 sp ||||1| spa d | ||
| 100 | 1 |
_aLorenzo, Pedro de. _974161 |
|
| 245 | 1 | 0 |
_aViaje de los ríos de España / _cPedro de Lorenzo. |
| 260 |
_aMadrid : _bEd. Nacional, _c1968. |
||
| 300 |
_a384 p. ; _c24 cm. |
||
| 852 |
_aES-MaACL _jC-34921 _bR.66712 |
||
| 999 |
_c94462 _d94462 |
||